000 00714nam a2200289Ia 4500
005 20260324114116.0
008 008 260324s9999 xx 000 0 eng d
020 _a9781003367321
037 _aEBOOK
040 _aCRL
040 _beng
040 _cCRL
041 _2eng
041 _aeng
084 _qCRL
100 _aG.K. Awari; V.S. Kumbhar; R.B. Tirpude; S.W. Rajurkar
_91149464
245 0 _aAutomotive Manufacturing Processes
245 2 _bA Case Study Approach
260 _bTaylor and Francis
260 _c2023
365 _a
365 _b340
856 _uhttp://www.taylorfrancis.com/books/9781003367321
942 _cEBOOK
999 _c1739463
_d1739463